Every President's Party with Whammies - Statistics

General Stats
  • This quiz has been taken 42 times
  • The average score is 13 of 47
Answer Stats
Hint Answer % Correct
George Washington I
68%
John Adams F
55%
Jimmy Carter D
50%
Bill Clinton D
50%
Barack Obama D
50%
Joe Biden D
50%
Gerald Ford R
50%
Ronald Reagan R
50%
George H.W. Bush R
50%
George W. Bush R
50%
Donald Trump R
50%
Donald Trump R
50%
John F. Kennedy D
45%
Lyndon B. Johnson D
45%
Richard Nixon R
45%
Dwight D. Eisenhower R
36%
Franklin D. Roosevelt D
32%
Harry S. Truman D
32%
Woodrow Wilson D
23%
Thomas Jefferson J
23%
James Madison J
23%
James Monroe J
23%
Abraham Lincoln R
23%
Andrew Jackson D
18%
Theodore Roosevelt R
18%
William H. Taft R
18%
Warren G. Harding R
18%
Calvin Coolidge R
18%
Herbert Hoover R
18%
Martin Van Buren D
14%
John Quincy Adams J
14%
Ulysses S. Grant R
14%
William McKinley R
14%
James K. Polk D
9%
Franklin Pierce D
9%
James Buchanan D
9%
Grover Cleveland D
9%
Grover Cleveland D
9%
Rutherford B. Hayes R
9%
James A. Garfield R
9%
Chester A. Arthur R
9%
Benjamin Harrison R
9%
William Henry Harrison W
9%
John Tyler W
9%
Zachary Taylor W
9%
Millard Fillmore W
9%
Andrew Johnson D
5%
No matching quizzes found
Score Distribution
Percent of People with Each Score
Percentile by Number Answered
Your Score History
You have not taken this quiz